Southernmost cities in the world over 100,000 inhabitants - Statistics

General Stats
  • This quiz has been taken 213 times
  • The average score is 6 of 20
Answer Stats
Latitude (decimal) Population Country Answer % Correct
-37.8 3,847,567 Australia Melbourne
78%
-41.29 377,130 New Zealand Wellington
77%
-43.5 353,349 New Zealand Christchurch
75%
-42.9 200,498 Australia Hobart
64%
-45.87 112,032 New Zealand Dunedin
56%
-53.15 123,599 Chile Punta Arenas
47%
-37.78 203,451 New Zealand Hamilton
24%
-45.85 175,196 Argentina Comodoro Rivadavia
23%
-41.47 189,000 Chile Puerto Montt
23%
-39.5 122,223 New Zealand Napier-Hastings
18%
-38.44 291,327 Argentina Bahia Blanca
17%
-38.15 173,450 Australia Geelong
16%
-37.69 120,414 New Zealand Tauranga
15%
-41.15 109,305 Argentina San Carlos de Bariloche
14%
-38.0 593,337 Argentina Mar del Plata
13%
-38.95 341,301 Argentina Neuquén
13%
-39.82 140,900 Chile Valdivia
12%
-38.74 240,300 Chile Temuco
11%
-40.57 139,968 Chile Osorno
9%
-37.47 130,700 Chile Los Ángeles
5%
No matching quizzes found
Score Distribution
Percent of People with Each Score
Percentile by Number Answered
Your Score History
You have not taken this quiz